Radio-frequency electronics : (Record no. 17468)
[ view plain ]
| 000 -LEADER | |
|---|---|
| fixed length control field | 00709cam a2200229 a 4500 |
| 001 - CONTROL NUMBER | |
| control field | 15634892 |
| 005 - DATE AND TIME OF LATEST TRANSACTION | |
| control field | 20130516114422.0 |
| 008 - FIXED-LENGTH DATA ELEMENTS--GENERAL INFORMATION | |
| fixed length control field | 090223s2009 enka b 001 0 eng |
| 020 ## - INTERNATIONAL STANDARD BOOK NUMBER | |
| International Standard Book Number | 9780521889742 |
| 020 ## - INTERNATIONAL STANDARD BOOK NUMBER | |
| International Standard Book Number | 052188974X |
| 020 ## - INTERNATIONAL STANDARD BOOK NUMBER | |
| International Standard Book Number | 9780521889742 |
| 082 00 - DEWEY DECIMAL CLASSIFICATION NUMBER | |
| Classification number | 621.38412 |
| Edition number | 22 |
| Item number | HAG |
| 100 1# - MAIN ENTRY--PERSONAL NAME | |
| Personal name | Hagen, Jon B. |
| 9 (RLIN) | 33200 |
| 245 10 - TITLE STATEMENT | |
| Title | Radio-frequency electronics : |
| Remainder of title | circuits and applications / |
| Statement of responsibility, etc | Jon B. Hagen. |
| 250 ## - EDITION STATEMENT | |
| Edition statement | 2nd ed. |
| 260 ## - PUBLICATION, DISTRIBUTION, ETC. (IMPRINT) | |
| Place of publication, distribution, etc | Cambridge ; |
| -- | New York : |
| Name of publisher, distributor, etc | Cambridge University Press, |
| Date of publication, distribution, etc | 2009. |
| 300 ## - PHYSICAL DESCRIPTION | |
| Extent | xiii, 438 p. : |
| Other physical details | ill. ; |
| Dimensions | 26 cm. |
| 504 ## - BIBLIOGRAPHY, ETC. NOTE | |
| Bibliography, etc | Includes bibliographical references and index. |
| 650 #0 - SUBJECT ADDED ENTRY--TOPICAL TERM | |
| Topical term or geographic name as entry element | Radio circuits. |
| 9 (RLIN) | 31457 |
| 653 ## - INDEX TERM--UNCONTROLLED | |
| Resource For college | |
| Arrived date list | May2013 |
| 942 ## - ADDED ENTRY ELEMENTS (KOHA) | |
| Source of classification or shelving scheme | Dewey Decimal Classification |
| Item type | Book - Borrowing |
| Withdrawn status | Item status | Source of classification or shelving scheme | Damaged status | Not for loan | Vendor | Home library | Current library | Shelving location | Date acquired | Source of acquisition | Cost, normal purchase price | Serial Enumeration / chronology | Total Checkouts | Total Renewals | Full call number | Barcode | Date last seen | Date last borrowed | Cost, replacement price | Koha item type |
|---|---|---|---|---|---|---|---|---|---|---|---|---|---|---|---|---|---|---|---|---|
| Dewey Decimal Classification | Baccah | Central Library | Central Library | First floor | 16/05/2013 | 452.00 | 17733 | 1 | 1 | 621.38412 HAG | 000028739 | 15/07/2025 | 29/10/2016 | 565.00 | Book - Borrowing |